000 00465nam a2200181Ia 4500
008 090124s9999 xx 000 0 und d
082 _b31719
100 _aरानडे जयंत
245 _a गँग
250 _a1
260 _bरावजी प्रकाशन
_c1989
300 _a113
600 _aरानडे जयंत
630 _a गँग
700 _aरानडे जयंत
730 _a गँग
942 _cBOOK
999 _c97780
_d97780